[Event "Florianopolis op-B 04"]
[Site "Florianopolis"]
[Date "2023.04.30"]
[Round "4"]
[White "De Oliveira, Maria Luiza Cruz"]
[Black "De Oliveira, Pedro Gustavo Cruz"]
[Result "1-0"]
[WhiteElo "1770"]
[BlackElo "1726"]
[PlyCount "83"]
[EventDate "2023.04.28"]
[EventType "swiss"]
[EventRounds "6"]
[EventCountry "BRA"]
[SourceTitle "CBM 214 Extra"]
[Source "ChessBase"]
[SourceDate "2023.07.31"]
[SourceVersion "1"]
[SourceVersionDate "2023.07.31"]
[SourceQuality "1"]

1. d4 d5 2. c4 e6 3. Nc3 Nf6 4. Nf3 Bd6 5. Bg5 h6 6. Bh4 Nc6 7. e3 e5 8. cxd5 exd4 9. dxc6 dxc3 10. cxb7 Bxb7 11. bxc3 0-0 12. Be2 Be7 13. 0-0 Qxd1 14. Rfxd1 Rfe8 15. Rab1 Bd5 16. Bxf6 Bxf3 17. Bxf3 Rab8 18. Rxb8 Rxb8 19. Bxe7 Rb2 20. Rd7 Rb1+ 21. Rd1 Rb7 22. Bxb7 a5 23. Be4 g5 24. f4 g4 25. Kf2 h5 26. Kg3 Kg7 27. Bf6+ Kxf6 28. Kh4 Kg7 29. Kxh5 f5 30. Bxf5 c5 31. Bxg4 c4 32. Be6 a4 33. Bxc4 a3 34. Bb5 Kf6 35. c4 Ke6 36. c5 Ke7 37. c6 Kf6 38. c7 Kg7 39. c8Q Kf6 40. Rd6+ Ke7 41. Qc7+ Kf8 42. Rd8# 1-0

[Event "Florianopolis op-B 04"]
[Site "Florianopolis"]
[Date "2023.04.29"]
[Round "2"]
[White "De Oliveira, Maria Luiza Cruz"]
[Black "Da Costa, Mariana Nara Santan"]
[Result "0-1"]
[WhiteElo "1770"]
[BlackElo "1456"]
[PlyCount "89"]
[EventDate "2023.04.28"]
[EventType "swiss"]
[EventRounds "6"]
[EventCountry "BRA"]
[SourceTitle "CBM 214 Extra"]
[Source "ChessBase"]
[SourceDate "2023.07.31"]
[SourceVersion "1"]
[SourceVersionDate "2023.07.31"]
[SourceQuality "1"]

1. d4 d5 2. c4 c6 3. Nc3 Nf6 4. Nf3 dxc4 5. e4 Bg4 6. Bxc4 e6 7. Bg5 h6 8. Bxf6 Qxf6 9. Be2 Bb4 10. 0-0 0-0 11. h3 Bxf3 12. Bxf3 Rd8 13. e5 Qe7 14. a3 Ba5 15. b4 Bb6 16. Ne2 Nd7 17. Qc2 Nf8 18. Rfd1 Ng6 19. Qb3 Rd7 20. Rd2 Nxe5 21. Be4 Rdd8 22. Qc2 Nd7 23. b5 Nf6 24. bxc6 Rac8 25. Rc1 bxc6 26. Bxc6 Qxa3 27. Qc3 Qxc3 28. Rxc3 Ba5 29. Rdc2 Bxc3 30. Rxc3 Rd6 31. Bb7 Rxc3 32. Nxc3 Rxd4 33. Nb5 Rb4 34. Bc6 a6 35. Na3 a5 36. Kf1 a4 37. Ke1 Rb3 38. Nc2 a3 39. Kd1 a2 40. Kc1 Rb1+ 41. Kd2 Rb2 42. Kc1 Rxc2+ 43. Kxc2 a1Q 44. Kd3 Qe5 45. Kd2 0-1